Name the Celebrity from a Childhood Photo - Statistics

General Stats
  • This quiz has been taken 62 times
  • The average score is 9 of 36
Answer Stats
Picture Answer % Correct
Justin Bieber
74%
Drake
68%
Adele
66%
Bruno Mars
64%
Rihanna
60%
Selena Gomez
60%
Zendaya
57%
Will Smith
55%
Freddie Mercury
47%
Britney Spears
38%
Angelina Jolie
36%
Chris Pratt
34%
Joseph Gordon-Levitt
32%
Jennifer Aniston
28%
Nicole Kidman
23%
Dax Shepherd
15%
Anne Hathaway
13%
Jennifer Garner
13%
Amanda Seyfried
9%
Elizabeth Banks
9%
Jimmy Fallon
9%
Celine Dion
8%
Hilary Duff
8%
Keith Urban
8%
Mandy Moore
8%
Katie Holmes
6%
Liv Tyler
6%
Bryce Dallas Howard
4%
Idina Menzel
4%
Ryan Reynolds
4%
Mark-Paul Gosslelaar
2%
Adam Levine
0%
Hailey Baldwin
0%
John Stamos
0%
Kate Hudson
0%
Martha Stewart
0%
No matching quizzes found
Score Distribution
Percent of People with Each Score
Percentile by Number Answered
Your Score History
You have not taken this quiz